Les couleurs en italien - Statistiques

Statistiques générales
  • Ce quiz a été pris 46 fois
  • Le résultat moyen est 7 sur 15
Statistiques - réponses
Hint Réponse % Correct
Rouge Rosso
97%
Noir Nero
85%
Blanc Bianco
79%
Vert Verde
79%
Rose Rosa
70%
Bleu Blu
58%
Marron Marrone
52%
Jaune Giallo
48%
Gris Grigio
42%
Beige Beige
33%
Orange Arancione
24%
Argenté Argento
24%
Doré Oro
24%
Violet Viola
24%
Turquoise Turchese
9%
Aucun quiz correspondant
Distribution des résultats
% des personnes avec chaque résultat
Percentile par nombre de réponses
Votre historique - résultats
Vous n’avez pas pris ce quiz